Представление документа в формате RUSMARC

ПолеНазваниеЗначение
  Тип записи a
  Библиографический уровень m
001 Контрольный номер RU/СЮИ МВД России/KNIGI/67.401.91/П 88-455620
005 Дата корректировки 20140508173802.1
010 Индекс ISBN __
a ISBN 978-5-9916-1153-4
d Цена р.243.29
100 Данные общей обработки __
a Данные общей обработки 20110620d2010 |||y0rusy0189
101 Язык документа 0_
a Язык текста rus
102 Страна публикации __
a Страна публикации RU
105 Кодированные данные (монография) __
a Кодированные данные (монография) y j 000yy
200 Заглавие и сведения об ответственности 1_
a Заглавие Коммерческое право России
e Сведения, относящиеся к заглавию учебник
f Первые сведения об ответственности Б. И. Пугинский
210 Выходные данные __
a Место издания М.
c Издательство Юрайт
d Дата издания 2010
215 Физическое описание __
a Объем 354 с.
327 Примечание о содержании 1_
a Примечание о содержании Содержание : Предмет и система курса коммерческого права ; Законодательное регулирование торговой деятельности ; Субъекты коммерческой деятельности ; Объекты торгового права ; Конкуренции в коммерческой деятельности ; Договоры, регулирующие торговый оборот ; Заключение, изменение и расторжение торговых договоров ; Договоры на реализацию товаров ; Структура договорных связей ; Выработка условий торговых договоров ; Посреднические договоры в торговле ; Договоры, содействующие торговле ; Регулирование перевозок грузов ; Организационные договоры в торговом обороте ; Имущественная ответственность в торговом обороте
330 Аннотация __
a Аннотация Рекомендован Учебно-методическим советом по юридическому образованию УМО по классическому университетскому образованию в качестве учебника для студентов высших учебных заведений обучающихся по направлению подготовки 021100 (0305001) Юриспруденция
464 Аналитический уровень _0
1 2001
a Предмет и система курса коммерческого права
464 Аналитический уровень _0
1 2001
a Законодательное регулирование торговой деятельности
464 Аналитический уровень _0
1 2001
a Субъекты коммерческой деятельности
464 Аналитический уровень _0
1 2001
a Объекты торгового права
464 Аналитический уровень _0
1 2001
a Конкуренции в коммерческой деятельности
464 Аналитический уровень _0
1 2001
a Договоры, регулирующие торговый оборот
464 Аналитический уровень _0
1 2001
a Заключение, изменение и расторжение торговых договоров
464 Аналитический уровень _0
1 2001
a Договоры на реализацию товаров
464 Аналитический уровень _0
1 2001
a Структура договорных связей
464 Аналитический уровень _0
1 2001
a Выработка условий торговых договоров
464 Аналитический уровень _0
1 2001
a Посреднические договоры в торговле
464 Аналитический уровень _0
1 2001
a Договоры, содействующие торговле
464 Аналитический уровень _0
1 2001
a Регулирование перевозок грузов
464 Аналитический уровень _0
1 2001
a Организационные договоры в торговом обороте
464 Аналитический уровень _0
1 2001
a Имущественная ответственность в торговом обороте
606 Тематические рубрики __
a Основная рубрика Коммерческое право
620 Место и дата публикации, исполнения и т.д. __
d Город Москва
686 Индексы других классификаций __
a Классификационный индекс 67.401.91
2 Код системы rubbk
686 Индексы других классификаций __
a Классификационный индекс 10.27
2 Код системы rugasnti
700 Автор _1
a Фамилия Пугинский
b Имя Б. И.
4 Код отношения 070
801 Источник записи _0
b Организация СЮИ МВД России
a Страна RU
c Дата составления 20110620
801 Источник записи _1
a Страна RU
b Организация ПКИ
c Дата составления 20110620
852 Данные о местонахождении __
a Наименование организации СЮИ МВД России
b Сигла хранения ЧЗ_Поволжский филиал
i Авторский знак П 88
p Инвентарный номер 139968
j Шифр хранения 67.401.91
j Шифр хранения 67.401.91
j Шифр хранения 67.401.91
j Шифр хранения 67.401.91
j Шифр хранения 67.401.91
j Шифр хранения 67.401.91
j Шифр хранения 67.401.91
j Шифр хранения 67.401.91
j Шифр хранения 67.401.91
j Шифр хранения 67.401.91
j Шифр хранения 67.401.91
j Шифр хранения 67.401.91
j Шифр хранения 67.401.91
j Шифр хранения 67.401.91
j Шифр хранения 67.401.91
j Шифр хранения 67.401.91
j Шифр хранения 67.401.91
j Шифр хранения 67.401.91
j Шифр хранения 67.401.91
j Шифр хранения 67.401.91
852 Данные о местонахождении __
a Наименование организации СЮИ МВД России
b Сигла хранения УчФ_Поволжский филиал
i Авторский знак П 88
p Инвентарный номер 139969
852 Данные о местонахождении __
a Наименование организации СЮИ МВД России
b Сигла хранения УчФ_Поволжский филиал
i Авторский знак П 88
p Инвентарный номер 139970
852 Данные о местонахождении __
a Наименование организации СЮИ МВД России
b Сигла хранения УчФ_Поволжский филиал
i Авторский знак П 88
p Инвентарный номер 139971
852 Данные о местонахождении __
a Наименование организации СЮИ МВД России
b Сигла хранения УчФ_Поволжский филиал
i Авторский знак П 88
p Инвентарный номер 139972
852 Данные о местонахождении __
a Наименование организации СЮИ МВД России
b Сигла хранения УчФ_Поволжский филиал
i Авторский знак П 88
p Инвентарный номер 139973
852 Данные о местонахождении __
a Наименование организации СЮИ МВД России
b Сигла хранения УчФ_Поволжский филиал
i Авторский знак П 88
p Инвентарный номер 139974
852 Данные о местонахождении __
a Наименование организации СЮИ МВД России
b Сигла хранения УчФ_Поволжский филиал
i Авторский знак П 88
p Инвентарный номер 139975
852 Данные о местонахождении __
a Наименование организации СЮИ МВД России
b Сигла хранения УчФ_Поволжский филиал
i Авторский знак П 88
p Инвентарный номер 139976
852 Данные о местонахождении __
a Наименование организации СЮИ МВД России
b Сигла хранения УчФ_Поволжский филиал
i Авторский знак П 88
p Инвентарный номер 139977
852 Данные о местонахождении __
a Наименование организации СЮИ МВД России
b Сигла хранения УчФ_Поволжский филиал
i Авторский знак П 88
p Инвентарный номер 139978
852 Данные о местонахождении __
a Наименование организации СЮИ МВД России
b Сигла хранения УчФ_Поволжский филиал
i Авторский знак П 88
p Инвентарный номер 139979
852 Данные о местонахождении __
a Наименование организации СЮИ МВД России
b Сигла хранения УчФ_Поволжский филиал
i Авторский знак П 88
p Инвентарный номер 139980
852 Данные о местонахождении __
a Наименование организации СЮИ МВД России
b Сигла хранения УчФ_Поволжский филиал
i Авторский знак П 88
p Инвентарный номер 139981
852 Данные о местонахождении __
a Наименование организации СЮИ МВД России
b Сигла хранения УчФ_Поволжский филиал
i Авторский знак П 88
p Инвентарный номер 139982
852 Данные о местонахождении __
a Наименование организации СЮИ МВД России
b Сигла хранения УчФ_Поволжский филиал
i Авторский знак П 88
p Инвентарный номер 139983
852 Данные о местонахождении __
a Наименование организации СЮИ МВД России
b Сигла хранения УчФ_Поволжский филиал
i Авторский знак П 88
p Инвентарный номер 139984
852 Данные о местонахождении __
a Наименование организации СЮИ МВД России
b Сигла хранения УчФ_Поволжский филиал
i Авторский знак П 88
p Инвентарный номер 139985
852 Данные о местонахождении __
a Наименование организации СЮИ МВД России
b Сигла хранения УчФ_Поволжский филиал
i Авторский знак П 88
p Инвентарный номер 139986
852 Данные о местонахождении __
a Наименование организации СЮИ МВД России
b Сигла хранения УчФ_Поволжский филиал
i Авторский знак П 88
p Инвентарный номер 139987
901 Тип документа __
t Тип документа m
938 Служебная информация __
a Название организации Поволжский филиал
b Имя БД Книги_Ирбис
c Название АИБС АБИС ИРБИС